[Event "Varde Weekend M1"]
[Site "Varde"]
[Date "2019.05.10"]
[Round "1"]
[White "Jepsen, Thomas Stausholm"]
[Black "Jensen, Poul Grydholt"]
[Result "1-0"]
[WhiteElo "2126"]
[BlackElo "2037"]
[PlyCount "65"]
[EventDate "2019.05.10"]
[EventType "tourn"]
[EventRounds "5"]
[EventCountry "DEN"]
[SourceTitle "EXT 2023"]
[Source "ChessBase"]
[SourceDate "2022.10.05"]
[SourceVersion "1"]
[SourceVersionDate "2022.10.05"]
[SourceQuality "1"]

1. Nf3 Nf6 2. g3 g6 3. Bg2 Bg7 4. 0-0 0-0 5. d3 d5 6. Nbd2 Re8 7. e4 dxe4 8. dxe4 e5 9. Qe2 Nc6 10. c3 h6 11. b4 a6 12. a4 Be6 13. Ba3 Nd7 14. Rfd1 Qc8 15. a5 Nf8 16. Nc4 Bh3 17. Ne3 Bxg2 18. Kxg2 Qe6 19. Nd5 Rac8 20. b5 Nb8 21. b6 cxb6 22. axb6 Nfd7 23. Rab1 Qc6 24. Ne7+ Rxe7 25. Bxe7 Qxc3 26. Rdc1 Qxc1 27. Rxc1 Rxc1 28. Qd2 Rc6 29. Bd6 Bf6 30. Bxb8 Nxb8 31. Qd5 Rxb6 32. Nxe5 Bxe5 33. Qd8+ 1-0

[Event "DEN-ch cand"]
[Site "Svendborg"]
[Date "2019.04.16"]
[Round "1"]
[White "Jepsen, Thomas Stausholm"]
[Black "Christensen, Tobias"]
[Result "1/2-1/2"]
[WhiteElo "2155"]
[BlackElo "2348"]
[PlyCount "23"]
[EventDate "2019.04.16"]
[EventType "swiss"]
[EventRounds "7"]
[EventCountry "DEN"]
[SourceTitle "EXT 2020"]
[Source "ChessBase"]
[SourceDate "2019.10.17"]
[SourceVersion "1"]
[SourceVersionDate "2019.10.17"]
[SourceQuality "1"]

1. e4 e6 2. d3 d5 3. Nd2 Nf6 4. Ngf3 Nc6 5. g3 dxe4 6. dxe4 Bc5 7. Bb5 Bd7 8. 0-0 0-0 9. Qe2 Nd4 10. Nxd4 Bxd4 11. c3 Bxb5 12. Qxb5 1/2-1/2

[Event "DEN-chT2 Gr2"]
[Site "Denmark"]
[Date "2019.03.10"]
[Round "7"]
[White "Jepsen, Thomas Stausholm"]
[Black "Brekka, Hanus"]
[Result "0-1"]
[WhiteElo "2159"]
[BlackElo "2106"]
[PlyCount "134"]
[EventDate "2018.10.28"]
[EventType "team-tourn"]
[EventRounds "7"]
[EventCountry "DEN"]
[SourceTitle "EXT 2025"]
[Source "ChessBase"]
[SourceDate "2024.10.14"]
[SourceVersion "1"]
[SourceVersionDate "2024.10.14"]
[SourceQuality "1"]
[WhiteTeam "Sydostfyn"]
[BlackTeam "Prasto"]
[WhiteTeamCountry "DEN"]
[BlackTeamCountry "DEN"]

1. Nf3 d6 2. g3 e5 3. Bg2 Nc6 4. 0-0 Be7 5. d3 Nf6 6. Nbd2 0-0 7. c3 Bg4 8. h3 Bxf3 9. Bxf3 Qd7 10. Bg2 d5 11. c4 Rad8 12. cxd5 Nxd5 13. a3 Kh8 14. Nc4 b5 15. Ne3 Nxe3 16. Bxe3 Nd4 17. Bxd4 exd4 18. b4 c5 19. bxc5 Bxc5 20. Qb3 a5 21. Rfc1 Qe7 22. Bf3 Rb8 23. Rc2 a4 24. Qa2 h6 25. Rb2 Qe6 26. Qxe6 fxe6 27. Bc6 Rb6 28. Be4 Rfb8 29. Rc2 Bd6 30. h4 Kg8 31. h5 Kf7 32. f4 Ke7 33. Kg2 Kd8 34. Kf3 Rc8 35. Rxc8+ Kxc8 36. g4 Kd7 37. g5 Ke7 38. Kg4 Rb8 39. f5 Rf8 40. Rb1 exf5+ 41. Bxf5 Rb8 42. Be4 Bxa3 43. Bc6 Rb6 44. Rxb5 Rxc6 45. gxh6 gxh6 46. Ra5 Bc1 47. Rxa4 Be3 48. Ra7+ Kf6 49. Ra5 Re6 50. Rf5+ Ke7 51. Ra5 Rf6 52. Ra7+ Kf8 53. Rb7 Rf2 54. Rb2 Ke7 55. Rb7+ Kd6 56. Rb2 Kc5 57. Kg3 Rf5 58. Ra2 Kb4 59. Rc2 Rxh5 60. Rc4+ Kb5 61. Rc8 Kb4 62. Rc6 Rc5 63. Ra6 Rf5 64. Rc6 Rf2 65. Rxh6 Bxh6 66. Kxf2 Kc3 67. Ke1 Kc2 0-1

[Event "Aalborg Larsen Memorial"]
[Site "Aalborg"]
[Date "2018.10.16"]
[Round "4"]
[White "Jepsen, Thomas Stausholm"]
[Black "Vang, Frank Lennart"]
[Result "1/2-1/2"]
[WhiteElo "2180"]
[BlackElo "1969"]
[PlyCount "116"]
[EventDate "2018.10.13"]
[EventType "swiss"]
[EventRounds "7"]
[EventCountry "DEN"]
[SourceTitle "CBM 186 Extra"]
[Source "ChessBase"]
[SourceDate "2018.08.24"]
[SourceVersion "1"]
[SourceVersionDate "2018.08.24"]
[SourceQuality "1"]

1. Nf3 d5 2. g3 Nc6 3. Bg2 Bg4 4. c4 e6 5. 0-0 Nf6 6. b3 Be7 7. Bb2 0-0 8. d3 Re8 9. Nbd2 Qd7 10. cxd5 exd5 11. Rc1 Bh3 12. a3 Bxg2 13. Kxg2 Rad8 14. b4 a6 15. Nb3 Qe6 16. Qc2 Bd6 17. Rfe1 Nd7 18. e4 dxe4 19. dxe4 f6 20. Nbd4 Nxd4 21. Nxd4 Qf7 22. f4 c6 23. Rf1 Bb8 24. Qe2 Nb6 25. Qc2 Kh8 26. Nf3 Nd7 27. Bd4 Qg6 28. Rce1 Qf7 29. h3 Nf8 30. e5 fxe5 31. Bxe5 Bxe5 32. Rxe5 Rxe5 33. fxe5 Qd5 34. Rf2 Re8 35. Rd2 Qe6 36. Rd6 Qe7 37. Qd2 h6 38. Qd3 Qf7 39. Rd8 Rxd8 40. Qxd8 Kh7 41. Qd3+ Qg6 42. Qxg6+ Kxg6 43. Kf2 Kf5 44. Ke3 h5 45. g4+ hxg4 46. hxg4+ Ke6 47. Kd4 Ke7 48. Ke4 g6 49. Ng5 b6 50. Nh3 Ne6 51. Nf4 Nxf4 52. Kxf4 c5 53. bxc5 bxc5 54. Ke4 Ke6 55. a4 g5 56. a5 c4 57. Kd4 c3 58. Kxc3 Kxe5 1/2-1/2

[Event "DEN-ch cand"]
[Site "Skorping"]
[Date "2017.04.16"]
[Round "6"]
[White "Jepsen, Thomas Stausholm"]
[Black "Christensen, Janus"]
[Result "1/2-1/2"]
[WhiteElo "2162"]
[BlackElo "2212"]
[PlyCount "133"]
[EventDate "2017.04.11"]
[EventType "swiss"]
[EventRounds "7"]
[EventCountry "DEN"]
[SourceTitle "EXT 2018"]
[Source "ChessBase"]
[SourceDate "2017.10.13"]
[SourceVersion "1"]
[SourceVersionDate "2017.10.13"]
[SourceQuality "1"]

1. Nf3 f5 2. b3 Nf6 3. Bb2 e6 4. d3 b6 5. Nbd2 Bb7 6. g3 Be7 7. Bg2 0-0 8. 0-0 Qe8 9. c4 Qh5 10. e3 a5 11. a3 Na6 12. d4 d6 13. Ne1 Ng4 14. h3 Bxg2 15. Kxg2 Nf6 16. Qxh5 Nxh5 17. Nd3 g5 18. b4 Bf6 19. g4 Ng7 20. e4 Rad8 21. b5 Nb8 22. d5 fxg4 23. hxg4 Bxb2 24. Nxb2 Nd7 25. Nd3 e5 26. Rh1 Rf6 27. Rh3 Nf8 28. Rah1 Rd7 29. Rf3 Rdf7 30. Rxf6 Rxf6 31. c5 bxc5 32. Nc4 Ng6 33. Rh3 Nh4+ 34. Kf1 h5 35. Rg3 Nf3 36. gxh5 Nxh5 37. Rh3 Ng7 38. a4 g4 39. Rg3 Rh6 40. Ke2 Nd4+ 41. Kd2 Rh4 42. Ne3 Nf3+ 43. Kc3 Ng5 44. f3 Nh5 45. Rxg4 Rxg4 46. Nxg4 Nxf3 47. Nxc5 Ng3 48. Nb3 Nxe4+ 49. Kd3 Nfg5 50. Kc4 Nf3 51. Nxa5 Nc5 52. Kb4 Kf7 53. Nb3 Nd7 54. a5 e4 55. Ne3 Nfe5 56. Nc4 Nd3+ 57. Kc3 Nf4 58. Ne3 Ke8 59. Kc4 Kd8 60. Nd4 Ne5+ 61. Kb3 Kc8 62. a6 Nd7 63. Ndf5 Nb6 64. Nc4 Nfxd5 65. Nfxd6+ cxd6 66. Nxd6+ Kb8 67. Nxe4 1/2-1/2

[Event "DEN-ch cand"]
[Site "Skorping"]
[Date "2017.04.15"]
[Round "5"]
[White "Jepsen, Thomas Stausholm"]
[Black "Thuesen, Mogens Henrik"]
[Result "1/2-1/2"]
[WhiteElo "2162"]
[BlackElo "2192"]
[PlyCount "103"]
[EventDate "2017.04.11"]
[EventType "swiss"]
[EventRounds "7"]
[EventCountry "DEN"]
[SourceTitle "EXT 2018"]
[Source "ChessBase"]
[SourceDate "2017.10.13"]
[SourceVersion "1"]
[SourceVersionDate "2017.10.13"]
[SourceQuality "1"]

1. e4 c5 2. Nf3 e6 3. d3 d5 4. Nbd2 Nc6 5. g3 Bd6 6. Bg2 Nge7 7. 0-0 0-0 8. Re1 f5 9. exd5 exd5 10. Ng5 h6 11. Ne6 Bxe6 12. Rxe6 Qd7 13. Re1 f4 14. c4 Nb4 15. cxd5 Nxd3 16. Rf1 Ng6 17. Qh5 Nge5 18. Bh3 Qa4 19. Be6+ Kh8 20. g4 f3 21. Nb1 Nf4 22. Nc3 Nxh5 23. Nxa4 Nf4 24. Rd1 Rae8 25. Nc3 Nxe6 26. dxe6 Rxe6 27. Ne4 Be7 28. g5 Nc6 29. Ng3 Nd4 30. gxh6 g6 31. Bd2 Kh7 32. Re1 Rxe1+ 33. Rxe1 Bd6 34. Re4 Rf7 35. Bg5 Nc6 36. Re8 Bxg3 37. fxg3 Nb4 38. Be7 Nd3 39. Bf8 g5 40. Bg7 b5 41. h4 gxh4 42. gxh4 Nf4 43. Rh8+ Kg6 44. Rg8 Nh3+ 45. Kf1 Rd7 46. Re8 Rd1+ 47. Re1 Rd2 48. Re6+ Kh7 49. Re7 Rd1+ 50. Re1 Rd7 51. Re3 Rd1+ 52. Re1 1/2-1/2

[Event "DEN-chT 0708"]
[Site "Denmark"]
[Date "2008.04.12"]
[Round "8.7"]
[White "Rathlev, Jakob"]
[Black "Jepsen, Thomas Stausholm"]
[Result "1-0"]
[WhiteElo "2160"]
[BlackElo "2073"]
[PlyCount "53"]
[EventDate "2007.11.10"]
[EventType "team-tourn"]
[EventRounds "9"]
[EventCountry "DEN"]
[SourceTitle "EXT 2023"]
[Source "ChessBase"]
[SourceDate "2022.10.05"]
[SourceVersion "1"]
[SourceVersionDate "2022.10.05"]
[SourceQuality "1"]
[WhiteTeam "Jetsmark"]
[BlackTeam "Sydostfyn"]
[WhiteTeamCountry "DEN"]
[BlackTeamCountry "DEN"]

1. c4 Nf6 2. g3 d6 3. Bg2 c5 4. Nc3 g6 5. e4 Bg7 6. Nge2 0-0 7. 0-0 Na6 8. d3 Rb8 9. h3 Nc7 10. Be3 a6 11. Qd2 b5 12. Rad1 b4 13. Nd5 Ncxd5 14. exd5 e5 15. dxe6 Bxe6 16. b3 Qc8 17. Nf4 Bd7 18. d4 Re8 19. dxc5 dxc5 20. Qd6 g5 21. Nd5 Nxd5 22. Rxd5 Bxh3 23. Rxg5 Kh8 24. Rxg7 Re6 25. Bxh3 Rxd6 26. Bxc8 Kxg7 27. Bf4 1-0

[Event "DEN-chT 0708"]
[Site "Denmark"]
[Date "2008.01.12"]
[Round "4.7"]
[White "Danstrup, Niels"]
[Black "Jepsen, Thomas Stausholm"]
[Result "1/2-1/2"]
[WhiteElo "2097"]
[BlackElo "2073"]
[PlyCount "31"]
[EventDate "2007.11.10"]
[EventType "team-tourn"]
[EventRounds "9"]
[EventCountry "DEN"]
[SourceTitle "EXT 2023"]
[Source "ChessBase"]
[SourceDate "2022.10.05"]
[SourceVersion "1"]
[SourceVersionDate "2022.10.05"]
[SourceQuality "1"]
[WhiteTeam "Nordre"]
[BlackTeam "Sydostfyn"]
[WhiteTeamCountry "DEN"]
[BlackTeamCountry "DEN"]

1. e4 d6 2. d4 Nf6 3. Nc3 c6 4. a4 Nbd7 5. Nf3 e5 6. Be2 Be7 7. 0-0 0-0 8. Be3 Re8 9. Re1 Qc7 10. Qd2 Nf8 11. Rad1 Bg4 12. h3 Bxf3 13. Bxf3 Rad8 14. Qc1 a6 15. dxe5 dxe5 16. Rxd8 1/2-1/2

[Event "DEN-chT 0708"]
[Site "Denmark"]
[Date "2007.11.18"]
[Round "3.6"]
[White "Jepsen, Thomas Stausholm"]
[Black "Nilssen, John Arni"]
[Result "0-1"]
[WhiteElo "2073"]
[BlackElo "2355"]
[PlyCount "96"]
[EventDate "2007.11.10"]
[EventType "team-tourn"]
[EventRounds "9"]
[EventCountry "DEN"]
[SourceTitle "EXT 2023"]
[Source "ChessBase"]
[SourceDate "2022.10.05"]
[SourceVersion "1"]
[SourceVersionDate "2022.10.05"]
[SourceQuality "1"]
[WhiteTeam "Sydostfyn"]
[BlackTeam "Helsinge"]
[WhiteTeamCountry "DEN"]
[BlackTeamCountry "DEN"]

1. e4 c5 2. Nf3 Nc6 3. d3 g6 4. Nbd2 Bg7 5. g3 d6 6. Bg2 e5 7. 0-0 Nge7 8. a4 0-0 9. Nc4 h6 10. h4 Be6 11. Ne3 Qd7 12. Nh2 Nd4 13. Nd5 f5 14. c3 Ndc6 15. f4 Bf7 16. Ne3 exf4 17. gxf4 Rad8 18. h5 gxh5 19. Qf3 d5 20. Nxf5 Nxf5 21. exf5 Qxf5 22. Bh3 Qf6 23. Bd2 Rfe8 24. Kh1 Kh8 25. Rg1 Ne7 26. f5 d4 27. c4 Rg8 28. Rae1 Be8 29. Qf4 Bc6+ 30. Nf3 Rdf8 31. Kh2 Nxf5 32. Ne5 Nh4 33. Qxh4 Qxe5+ 34. Rg3 Rf2+ 35. Kg1 Re2 36. Rxe2 Qxe2 37. Bf4 Qe1+ 38. Bf1 Rf8 39. Rh3 Qe6 40. Bg3 Bf3 41. Rh2 Bg4 42. Rf2 Qe3 43. Qh2 Bf3 44. Qh4 Rf5 45. Qd8+ Kh7 46. Qc7 Rg5 47. Kh2 h4 48. Bxh4 Rh5 0-1

[Event "DEN-chT 0708"]
[Site "Denmark"]
[Date "2007.11.11"]
[Round "2.6"]
[White "Jepsen, Thomas Stausholm"]
[Black "Fagerstrom, Bjorn"]
[Result "1/2-1/2"]
[WhiteElo "2073"]
[BlackElo "2159"]
[PlyCount "62"]
[EventDate "2007.11.10"]
[EventType "team-tourn"]
[EventRounds "9"]
[EventCountry "DEN"]
[SourceTitle "EXT 2023"]
[Source "ChessBase"]
[SourceDate "2022.10.05"]
[SourceVersion "1"]
[SourceVersionDate "2022.10.05"]
[SourceQuality "1"]
[WhiteTeam "Sydostfyn"]
[BlackTeam "Helsingor"]
[WhiteTeamCountry "DEN"]
[BlackTeamCountry "DEN"]

1. Nf3 d5 2. g3 Nf6 3. Bg2 c6 4. 0-0 Bg4 5. b3 Nbd7 6. Bb2 e6 7. d3 Be7 8. Nbd2 a5 9. c4 a4 10. Rb1 axb3 11. axb3 0-0 12. b4 Qc7 13. Qb3 Rfd8 14. Rfc1 Bf8 15. Nf1 dxc4 16. dxc4 Bf5 17. Ra1 Qb6 18. Rxa8 Rxa8 19. b5 Nc5 20. Qd1 Rd8 21. Qe1 Nce4 22. Bxf6 Nxf6 23. Ne3 Be4 24. bxc6 bxc6 25. Rd1 Bc5 26. Rxd8+ Qxd8 27. Qd2 Qb6 28. Nd1 h6 29. e3 Qb1 30. Ne1 Bb4 31. Bxe4 Bxd2 1/2-1/2

[Event "DEN-chT 9697"]
[Site "Denmark"]
[Date "1997.02.02"]
[Round "5.8"]
[White "Jepsen, Thomas Stausholm"]
[Black "Sorensen, Michael DF"]
[Result "1-0"]
[WhiteElo "2115"]
[BlackElo "2130"]
[PlyCount "171"]
[EventDate "1996.11.03"]
[EventType "team-tourn"]
[EventRounds "7"]
[EventCountry "DEN"]
[SourceTitle "EXT 2023"]
[Source "ChessBase"]
[SourceDate "2022.10.05"]
[SourceVersion "1"]
[SourceVersionDate "2022.10.05"]
[SourceQuality "1"]
[WhiteTeam "Sydostfyn"]
[BlackTeam "Aarhus"]
[WhiteTeamCountry "DEN"]
[BlackTeamCountry "DEN"]

1. c4 Nf6 2. Nf3 g6 3. g3 Bg7 4. Bg2 0-0 5. 0-0 c6 6. d3 d5 7. cxd5 cxd5 8. Bg5 Nc6 9. Qd2 Re8 10. Nc3 Bg4 11. Rfd1 d4 12. Nb5 e5 13. h3 Be6 14. Nh2 Qd7 15. Bxf6 Bxf6 16. Qh6 Bg7 17. Qh4 Ne7 18. Na3 Nf5 19. Qe4 Nd6 20. Qh4 Nf5 21. Qe4 Nd6 22. Qf3 Bxh3 23. Rac1 Bxg2 24. Qxg2 Rac8 25. Nc4 Nxc4 26. dxc4 Qc6 27. Nf3 Bh6 28. Rc2 Qe4 29. Rd3 Qg4 30. Ne1 Rc7 31. b4 Qe6 32. c5 b6 33. g4 bxc5 34. bxc5 Bf8 35. Rh3 Rxc5 36. Rxc5 Bxc5 37. Nf3 f6 38. g5 f5 39. Qh1 Re7 40. Nh4 e4 41. Kg2 Qxa2 42. Nxg6 Rg7 43. Qc1 Qd5 44. Nf4 Rxg5+ 45. Kf1 Qa2 46. Ne6 Qxe6 47. Qxg5+ Kh8 48. Rh6 Qd7 49. Rh5 d3 50. Qf6+ Qg7 51. Qd8+ Qf8 52. Qd5 Qd6 53. Rxf5 dxe2+ 54. Kxe2 Qa6+ 55. Kd2 Qa5+ 56. Kc2 Qa4+ 57. Qb3 Qxb3+ 58. Kxb3 Bb6 59. Kc4 Kg7 60. Kd5 e3 61. f4 Bc7 62. Rg5+ Kf6 63. Rg2 Kf5 64. Kd4 Kxf4 65. Kd3 Kf3 66. Re2 Bf4 67. Ra2 a5 68. Ra1 h5 69. Rf1+ Kg3 70. Ke2 h4 71. Rg1+ Kh3 72. Kf3 Kh2 73. Ra1 Bg3 74. Rxa5 Bf2 75. Ra2 Kg1 76. Ra1+ Kh2 77. Ra2 h3 78. Ra1 Bg1 79. Ra6 Bf2 80. Rh6 Bg3 81. Ra6 Bf2 82. Rg6 Bg1 83. Rh6 Bf2 84. Rb6 Kg1 85. Rb5 h2 86. Rb1+ 1-0